00724nam a2200241 a 4500001001300000003000900013005001700022008004100039020002300080082001500103100001900118245003200137260004000169300000900209500003500218505003300253650001300286700001900299902000800318942000700326952013200333999001700465nice12345678IN_TiNIC20260116014137.0080624s2004 newa grp 000 0 eng  a8125027769 c32500a294.5bMIC aMichaels, Axel aHinduismb Past and Present aNew Delhi bOrient Blackswan c2004 a429p aincludes index and biblioraphy2 aglossary, references, index, aHinduism1 aMichaels, Axel bSRS cBK 001040708StackRoom-aHMIbHMId2008-06-24g325.00l17m2o294.5 MICp022461r2022-08-08s2022-07-29v325.00w2008-06-24yBK c14066d14066